Jurassic Park Franchise Actors - Sudden Death - Statistics

General Stats
  • This quiz has been taken 275 times
  • The average score is 8 of 14
Answers on the Grid
Answers color-coded by a green-red scale on the quiz's grid according to % correct below.
Jeff Goldblum
Wayne Knight
Bob Peck
Sam Neill
LeBron James
Bruce Willis
Common
Julianne Moore
Omar Sy
Tom Hiddleston
Michelle Pfeiffer
Meryl Streep
Laura Dern
Margaret Qualley
Irrfan Khan
William H. Macy
Vince Vaughn
Terry Crews
Samuel L. Jackson
Tony Jaa
Brad Pitt
Imogen Poots
Richard Attenborough
Freddie Prinze Jr.
Kate Winslet
Pam Grier
Rose McGowan
Jesse Eisenberg
Vincent D'Onofrio
BD Wong
 
Answer Stats
Answer % Correct
Jeff Goldblum
97%
Sam Neill
83%
Laura Dern
74%
Richard Attenborough
67%
Samuel L. Jackson
67%
BD Wong
62%
Julianne Moore
54%
Wayne Knight
51%
William H. Macy
50%
Vince Vaughn
47%
Vincent D'Onofrio
43%
Bob Peck
36%
Irrfan Khan
35%
Omar Sy
34%
No matching quizzes found
Score Distribution
Percent of People with Each Score
Percentile by Number Answered
Your Score History
You have not taken this quiz